000 00292nam a2200109Ia 4500
008 180117s9999 xx 000 0 und d
245 _aThis Week in Arts and Culture
260 _c2017
300 _a17-18 pages, 2017 September 3
440 _aPhilippine Panorama
650 _aARTS AND CULTURE
999 _c353530
_d353530